000 01499nam a2200361 a 4500
001 ebr10267553
003 CaPaEBR
006 m u
007 cr cn|||||||||
008 081001s2008 enkab sb 001 0 eng
010 _z 2008300201
015 _aGBA804748
_2bnb
016 7 _z014487970
_2Uk
020 _z9781845116712 (hbk.)
020 _z1845116712 (hbk.)
040 _aCaPaEBR
_cCaPaEBR
035 _a(OCoLC)313411712
043 _ae-uk---
050 1 4 _aDA566.2
_b.B79 2008eb
082 0 4 _a941.009734
_222
100 1 _aBuckton, Henry.
245 1 4 _aThe lost villages
_h[electronic resource] :
_bin search of Britain's vanished communities /
_cHenry Buckton.
260 _aLondon ;
_aNew York :
_bI.B. Tauris ;
_aNew York :
_bIn the United States of America and Canada distributed by Palgrave Macmillan,
_c2008.
300 _avii, 246 p. :
_bill., map.
504 _aIncludes bibliographical references (p. 237-238) and index.
533 _aElectronic reproduction.
_bPalo Alto, Calif. :
_cebrary,
_d2013.
_nAvailable via World Wide Web.
_nAccess may be limited to ebrary affiliated libraries.
650 0 _aExtinct cities
_zGreat Britain.
650 0 _aCountry life
_zGreat Britain
_xHistory
_y20th century.
651 0 _aGreat Britain
_xRural conditions
_y20th century.
655 7 _aElectronic books.
_2local
710 2 _aebrary, Inc.
856 4 0 _uhttp://site.ebrary.com/lib/rucke/Doc?id=10267553
_zAn electronic book accessible through the World Wide Web; click to view
999 _c8797
_d8797